000 00619nam a2200241Ia 4500
003 OSt
005 20221007080034.0
006 a|||||r|||| 00| 0
007 ta
008 221006b |||||||| |||| 00| 0 eng d
024 _a24,388
037 _cTextual
040 _aFLL
_cFLL
_beng
041 _2eng
_aeng
082 _aZ2,511, L8
100 _aThakur Upendra
245 0 _aIntroduction to homicide in India
250 _a1st
260 _aNew Delhi
_bShakti Malik India
_c1978
300 _avi,1-117p
_ccm.
942 _hZ2,511, L8
_cTEXL
_2CC
999 _c1158176
_d1158176